| 000 | 00740nam a2200205Ia 4500 | ||
|---|---|---|---|
| 003 | IN-BaIIA | ||
| 008 | 211028s9999 xx 000 0 eng d | ||
| 020 | _a0-444-85438-X | ||
| 040 | _cIIA Library | ||
| 080 |
_a531.51(082.1) _bSUP |
||
| 111 |
_aWorkshop on Supergravity _cStony Brook, US _d1979 Sep. 27-29 _911664 |
||
| 245 | 0 |
_aSupergravity _bproceedings of workshop on supergravity, held in Stony Brook, US, 27-29 Sep 1979 _cedited by P. Van Nieuwenhuizen and D. Z. Freedman |
|
| 260 |
_aAmsterdam _bNorth-Holland _c1979 |
||
| 300 | _a[various pagings.] | ||
| 650 | _aAstronomy and Astrophysics thesaurus | ||
| 650 | _aGravitation | ||
| 700 |
_aFreedman, D. Z., ed. _911665 |
||
| 700 |
_aVan Nieuwenhuizen, P., ed. _911666 |
||
| 942 | _cBK | ||
| 999 |
_c6810 _d6810 |
||